00000000nam 2200000zi 4500
0019.932726
003CaOODSP
00520250306115219
006m     o  d f      
007cr mn|||||||||
008240119t20032003onca    ob   f000 0 fre d
020 |a0660968509 |q(imprimé)
040 |aCaOODSP|bfre|erda|cCaOODSP
043 |an-cn---
0861 |aNH15-412/2003F-PDF|zNH15-412/2003F
24503|aLa maison réinventée : |bla maison centenaire / |cpréparé pour la Société canadienne d'hypothèques et de logement.
264 1|a[Ottawa] : |bSCHL = CMHC, |c[2003]
264 4|c©2003
300 |a1 ressource en ligne (ii, 134 pages) : |billustrations
336 |atexte|btxt|2rdacontent/fre
337 |ainformatique|bc|2rdamedia/fre
338 |aressource en ligne|bcr|2rdacarrier/fre
500 |aPublié aussi en anglais sous le titre : Renovating distinctive homes : the century home.
500 |aÉdition numérisée de l'imprimé [par Société canadienne d'hypothèques et de logement].
504 |aComprend des références bibliographiques.
520 |a« Le présent manuel aborde la rénovation sous un angle nouveau. Portant sur la maison centenaire de deux étages, il marie conseils de conception et de planification de l'espace et information technique; tous les exemples cités concernent ce type de maison. Ce manuel vous présente l'essentiel pour planifier et mener à bien la rénovation de votre maison. Il renseigne sur les exigences techniques pour que vous sachiez quelles questions poser à votre entrepreneur, sur les problèmes particuliers que pose la rénovation de ce type de maison et sur les nouvelles tendances en habitation, ... susceptibles de vous intéresser. ... » -- Introduction, page 1.
650 6|aHabitations|xRéfection|zCanada.
650 6|aMaisons historiques|xRéfection|zCanada.
7102 |aSociété canadienne d'hypothèques et de logement, |eorganisme de publication.
77508|tRenovating distinctive homes : |w(CaOODSP)9.932723
7760#|tLa maison réinventée : |w(CaOODSP)9.682213
85640|qPDF|s6.55 Mo|uhttps://publications.gc.ca/collections/collection_2024/schl-cmhc/NH15-412-2003-fra.pdf